LEADER 01356nam--2200385---450- 001 990002318170203316 005 20101124094228.0 035 $a000231817 035 $aUSA01000231817 035 $a(ALEPH)000231817USA01 035 $a000231817 100 $a20041230d1984----km-y0itay0103----ba 101 $ager 102 $aCH 105 $a||||||||001yy 200 1 $a<> unmittelbare Anwendbarkeit der europaischen menschenrechtskonvention$eein beitrag zur Lehre der self-executing treaties$ewith english summary$fMirko Ros 210 $aZurich$cSchulthess$dc1984 215 $aXXVIII, 120 p.$d22 cm 225 2 $aSchweizer Studien zum Internationalen Recht$v38 410 0$12001$aSchweizer Studien zum Internationalen Recht$v38 454 1$12001 461 1$1001-------$12001 606 0 $aDiritti dell'uomo$xConvenzioni internazionali 676 $a341.4 700 1$aROS,$bMirko$07023 801 0$aIT$bsalbc$gISBD 912 $a990002318170203316 951 $aXXIII.2.E. 35 (IG VIII 11 708)$b23181 E.C.$cXXIII.2.E. 35 (IG VIII)$d00243966 959 $aBK 969 $aGIU 979 $aSIAV7$b10$c20041230$lUSA01$h0942 979 $aRSIAV2$b90$c20091021$lUSA01$h1232 979 $aRSIAV2$b90$c20101124$lUSA01$h0942 996 $aUnmittelbare anwendbarkeit der europaischen Menschenrechtskonvention$9579461 997 $aUNISA LEADER 01013nam0-22002771i-450 001 990004772890403321 005 20211006113131.0 035 $a000477289 100 $a19990530g188788--km-y0itay50------ba 101 0 $afre 105 $ay-------001yy 200 1 $a<>Odyssée$d= Odisseia$etexte grec publié d'après les travaux les plus récents de la philologie accompagné d'un commentaire critique et explicatif, précédé d'une introduction et suivi de la Batrachomyomachie, des Hymnes homériques, etc.$fpar Alexis Pierron 205 $a2.e éd. rev. et corr. 210 $aParis$cLibr. Hachette et C.ie$d1887-88 215 $a2 v.$d25 cm 327 $a1.: Chants I-XII$a2.: Chants XIII-XXIV 700 1$aHomerus$f<8. sec. a. C.>$0155559 702 1$aPierron,$bAlexis 801 0$aIT$bUNINA$gRICA$2UNIMARC 901 $aBK 912 $a990004772890403321 952 $aV 28 (1)$bS.I.$fFLFBC 952 $aV 28 (2)$bS.I.$fFLFBC 959 $aFLFBC 996 $aOdyssea$917636 997 $aUNINA